[Event "XLIV Memoriał Szachowy Ludwika Zamenhofa 2025, Grupa A"]
[Site "Białystok, Poland"]
[Date "2025.12.28"]
[Round "4.6"]
[White "Jakubowski, Krzysztof"]
[Black "Obrycki, Tomasz"]
[Result "0-1"]
[TimeControl "90'+30\""]
[WhiteElo "2437"]
[BlackElo "2068"]

1. e4 {[%clk 01:30:56]} {[%emt 00:00:03]} c5 {[%clk 01:30:43]} {[%emt
00:00:18]} 2. Nf3 {[%clk 01:31:17]} {[%emt 00:00:07]} Nc6 {[%clk 01:30:40]}
{[%emt 00:00:35]} 3. d4 {[%clk 01:30:36]} {[%emt 00:01:10]} cxd4 {[%clk
01:30:59]} {[%emt 00:00:12]} 4. Nxd4 {[%clk 01:31:00]} {[%emt 00:00:05]} g6
{[%clk 01:30:57]} {[%emt 00:00:32]} 5. c4 {[%clk 01:31:11]} {[%emt 00:00:19]}
Nf6 {[%clk 01:31:06]} {[%emt 00:00:22]} 6. Nc3 {[%clk 01:31:33]} {[%emt
00:00:07]} d6 {[%clk 01:31:01]} {[%emt 00:00:35]} 7. Nc2 {[%clk 01:30:07]}
{[%emt 00:01:57]} Bg7 {[%clk 01:30:23]} {[%emt 00:01:07]} 8. Be2 {[%clk
01:30:30]} {[%emt 00:00:06]} O-O {[%clk 01:26:09]} {[%emt 00:04:46]} 9. O-O
{[%clk 01:29:40]} {[%emt 00:01:19]} Be6 {[%clk 01:22:50]} {[%emt 00:03:50]} 10.
Rb1 {[%clk 01:28:51]} {[%emt 00:01:19]} Rc8 {[%clk 01:17:48]} {[%emt 00:05:32]}
11. Bg5 {[%clk 01:24:22]} {[%emt 00:04:58]} Nd7 {[%clk 01:10:24]} {[%emt
00:07:55]} 12. Nd5 {[%clk 01:23:00]} {[%emt 00:01:52]} Nc5 {[%clk 01:07:17]}
{[%emt 00:03:37]} 13. f3 {[%clk 01:22:39]} {[%emt 00:00:51]} a5 {[%clk
01:04:40]} {[%emt 00:03:07]} 14. Qd2 {[%clk 01:18:19]} {[%emt 00:04:50]} f5
{[%clk 00:50:48]} {[%emt 00:14:22]} 15. exf5 {[%clk 01:14:43]} {[%emt
00:04:06]} Bxf5 {[%clk 00:50:08]} {[%emt 00:01:09]} 16. Nde3 {[%clk 01:11:02]}
{[%emt 00:04:11]} Bd7 {[%clk 00:46:07]} {[%emt 00:04:31]} 17. Rfe1 {[%clk
01:10:00]} {[%emt 00:01:32]} Rf7 {[%clk 00:40:44]} {[%emt 00:05:53]} 18. Bf1
{[%clk 01:07:47]} {[%emt 00:02:45]} Ne6 {[%clk 00:37:14]} {[%emt 00:04:01]} 19.
Bh4 {[%clk 01:08:00]} {[%emt 00:00:17]} Ned4 {[%clk 00:36:06]} {[%emt
00:01:38]} 20. Nxd4 {[%clk 01:05:53]} {[%emt 00:02:37]} Bxd4 {[%clk 00:35:52]}
{[%emt 00:00:44]} 21. Kh1 {[%clk 01:06:09]} {[%emt 00:00:13]} Qf8 {[%clk
00:32:47]} {[%emt 00:03:35]} 22. Nd5 {[%clk 01:03:02]} {[%emt 00:03:38]} e5
{[%clk 00:23:50]} {[%emt 00:09:27]} 23. Bd3 {[%clk 00:59:41]} {[%emt 00:03:51]}
Be6 {[%clk 00:21:30]} {[%emt 00:02:48]} 24. Be4 {[%clk 00:59:40]} {[%emt
00:00:33]} Nb4 {[%clk 00:20:07]} {[%emt 00:01:51]} 25. Nxb4 {[%clk 00:30:20]}
{[%emt 00:29:51]} axb4 {[%clk 00:20:35]} {[%emt 00:00:03]} 26. Qxb4 {[%clk
00:30:31]} {[%emt 00:00:19]} Rxc4 {[%clk 00:20:26]} {[%emt 00:00:39]} 27. Qd2
{[%clk 00:30:57]} {[%emt 00:00:04]} Rc8 {[%clk 00:18:32]} {[%emt 00:02:23]} 28.
Bg5 {[%clk 00:24:23]} {[%emt 00:07:05]} Bxa2 {[%clk 00:16:06]} {[%emt
00:02:56]} 29. Ra1 {[%clk 00:20:30]} {[%emt 00:04:22]} Be6 {[%clk 00:16:06]}
{[%emt 00:00:28]} 30. Ra4 {[%clk 00:20:58]} {[%emt 00:00:04]} Rfc7 {[%clk
00:13:43]} {[%emt 00:02:54]} 31. Rxd4 {[%clk 00:19:32]} {[%emt 00:01:56]} exd4
{[%clk 00:14:09]} {[%emt 00:00:04]} 32. Qxd4 {[%clk 00:19:57]} {[%emt
00:00:06]} Qf7 {[%clk 00:11:39]} {[%emt 00:02:59]} 33. Qxd6 {[%clk 00:14:06]}
{[%emt 00:06:22]} Rd7 {[%clk 00:11:26]} {[%emt 00:00:44]} 34. Qb4 {[%clk
00:11:46]} {[%emt 00:02:49]} Bf5 {[%clk 00:10:09]} {[%emt 00:01:47]} 35. Bh6
{[%clk 00:11:47]} {[%emt 00:00:30]} Qc4 {[%clk 00:07:42]} {[%emt 00:02:54]} 36.
Qa5 {[%clk 00:09:57]} {[%emt 00:02:22]} Bxe4 {[%clk 00:07:30]} {[%emt
00:00:42]} 37. fxe4 {[%clk 00:10:23]} {[%emt 00:00:03]} Qc5 {[%clk 00:06:49]}
{[%emt 00:01:06]} 38. Qa2+ {[%clk 00:10:37]} {[%emt 00:00:21]} Qc4 {[%clk
00:07:02]} {[%emt 00:00:15]} 39. Qa5 {[%clk 00:10:30]} {[%emt 00:00:41]} Re8
{[%clk 00:05:45]} {[%emt 00:01:46]} 40. h3 {[%clk 00:10:40]} {[%emt 00:00:20]}
Qb3 {[%clk 00:03:33]} {[%emt 00:02:36]} 41. e5 {[%clk 00:06:32]} {[%emt
00:04:43]} Qd5 {[%clk 00:01:47]} {[%emt 00:02:15]} 42. Qb4 {[%clk 00:04:39]}
{[%emt 00:02:24]} Rf7 {[%clk 00:01:45]} {[%emt 00:00:31]} 43. Bf4 {[%clk
00:03:00]} {[%emt 00:02:11]} Ref8 {[%clk 00:01:27]} {[%emt 00:00:47]} 44. Re4
{[%clk 00:02:15]} {[%emt 00:01:16]} Qe6 {[%clk 00:00:40]} {[%emt 00:01:15]} 45.
Bg5 {[%clk 00:01:43]} {[%emt 00:01:03]} Rf1+ {[%clk 00:00:47]} {[%emt
00:00:23]} 46. Kh2 {[%clk 00:02:12]} {[%emt 00:00:02]} Qc6 {[%clk 00:00:39]}
{[%emt 00:00:30]} 47. Qb3+ {[%clk 00:01:20]} {[%emt 00:01:31]} R1f7 {[%clk
00:00:35]} {[%emt 00:00:34]} 48. Rf4 {[%clk 00:00:45]} {[%emt 00:01:05]} Qc7
{[%clk 00:00:35]} {[%emt 00:00:30]} 49. Bf6 {[%clk 00:00:41]} {[%emt 00:00:34]}
h5 {[%clk 00:00:36]} {[%emt 00:00:29]} 50. Rc4 {[%clk 00:00:39]} {[%emt
00:00:32]} Qb8 {[%clk 00:00:46]} {[%emt 00:00:18]} 51. Kh1 {[%clk 00:00:41]}
{[%emt 00:00:30]} Kh7 {[%clk 00:00:48]} {[%emt 00:00:28]} 52. Qc2 {[%clk
00:01:01]} {[%emt 00:00:10]} Qe8 {[%clk 00:00:35]} {[%emt 00:00:41]} 53. Re4
{[%clk 00:00:32]} {[%emt 00:01:01]} Qe6 {[%clk 00:00:45]} {[%emt 00:00:18]} 54.
Qe2 {[%clk 00:00:34]} {[%emt 00:00:29]} Re8 {[%clk 00:00:51]} {[%emt 00:00:25]}
55. Bh4 {[%clk 00:00:32]} {[%emt 00:00:33]} Rf5 {[%clk 00:00:39]} {[%emt
00:00:41]} 56. Bg3 {[%clk 00:00:58]} {[%emt 00:00:03]} Rd8 {[%clk 00:00:40]}
{[%emt 00:00:29]} 57. Kh2 {[%clk 00:01:19]} {[%emt 00:00:10]} Re8 {[%clk
00:00:45]} {[%emt 00:00:25]} 58. Rb4 {[%clk 00:01:32]} {[%emt 00:00:17]} Re7
{[%clk 00:00:53]} {[%emt 00:00:21]} 59. h4 {[%clk 00:01:49]} {[%emt 00:00:14]}
Rff7 {[%clk 00:00:38]} {[%emt 00:00:44]} 60. Qe3 {[%clk 00:01:56]} {[%emt
00:00:23]} Rc7 {[%clk 00:00:46]} {[%emt 00:00:22]} 61. Qe4 {[%clk 00:01:15]}
{[%emt 00:01:12]} Rc6 {[%clk 00:00:59]} {[%emt 00:00:15]} 62. Rd4 {[%clk
00:01:26]} {[%emt 00:00:21]} Rd7 {[%clk 00:01:10]} {[%emt 00:00:19]} 63. Ra4
{[%clk 00:01:31]} {[%emt 00:00:25]} Qd5 {[%clk 00:00:50]} {[%emt 00:00:48]} 64.
Qxd5 {[%clk 00:00:35]} {[%emt 00:01:27]} Rxd5 {[%clk 00:01:19]} {[%emt
00:00:01]} 65. Rb4 {[%clk 00:00:35]} {[%emt 00:00:30]} b5 {[%clk 00:01:29]}
{[%emt 00:00:20]} 66. b3 {[%clk 00:00:53]} {[%emt 00:00:12]} Kg7 {[%clk
00:00:54]} {[%emt 00:01:05]} 67. Re4 {[%clk 00:01:17]} {[%emt 00:00:06]} Kf7
{[%clk 00:00:45]} {[%emt 00:00:38]} 68. Re2 {[%clk 00:01:42]} {[%emt 00:00:06]}
Rd3 {[%clk 00:00:46]} {[%emt 00:00:27]} 69. b4 {[%clk 00:02:04]} {[%emt
00:00:10]} Rd4 {[%clk 00:00:50]} {[%emt 00:00:23]} 70. Rf2+ {[%clk 00:02:29]}
{[%emt 00:00:08]} Ke7 {[%clk 00:00:44]} {[%emt 00:00:33]} 71. Rb2 {[%clk
00:02:42]} {[%emt 00:00:20]} Re4 {[%clk 00:00:50]} {[%emt 00:00:22]} 72. Rb3
{[%emt 00:01:06]} Rcc4 {[%clk 00:00:56]} 73. Ra3 {[%clk 00:02:58]} {[%emt
00:00:04]} Rxb4 {[%clk 00:00:52]} {[%emt 00:00:34]} 74. Ra7+ {[%clk 00:02:54]}
{[%emt 00:00:34]} Ke6 {[%clk 00:01:11]} {[%emt 00:00:10]} 75. Ra6+ {[%clk
00:03:21]} {[%emt 00:00:03]} Kd5 {[%clk 00:01:22]} {[%emt 00:00:16]} 76. Rxg6
{[%clk 00:03:43]} {[%emt 00:00:12]} Rb2 {[%clk 00:00:59]} {[%emt 00:00:51]} 77.
Rd6+ {[%clk 00:02:29]} {[%emt 00:01:46]} Kc4 {[%clk 00:01:25]} {[%emt
00:00:02]} 78. Rh6 {[%clk 00:02:57]} {[%emt 00:00:04]} Ree2 {[%clk 00:00:35]}
{[%emt 00:01:21]} 79. Rxh5 {[%clk 00:03:22]} {[%emt 00:00:04]} Rxg2+ {[%clk
00:00:55]} {[%emt 00:00:10]} 80. Kh3 {[%clk 00:03:50]} {[%emt 00:00:02]} Rg1
{[%clk 00:00:51]} {[%emt 00:00:28]} 81. e6 {[%clk 00:02:39]} {[%emt 00:01:47]}
Re2 {[%clk 00:01:00]} {[%emt 00:00:18]} 82. Be5 {[%clk 00:00:47]} {[%emt
00:02:25]} Rge1 {[%clk 00:01:09]} {[%emt 00:00:20]} 83. Bg7 {[%clk 00:01:00]}
{[%emt 00:00:18]} Rxe6 {[%clk 00:00:47]} {[%emt 00:00:51]} 84. Rg5 {[%clk
00:01:28]} {[%emt 00:00:03]} Rh1+ {[%clk 00:00:43]} {[%emt 00:00:34]} 85. Kg3
{[%clk 00:01:36]} {[%emt 00:00:22]} Re4 {[%clk 00:00:43]} {[%emt 00:00:29]} 86.
Bf8 {[%clk 00:01:44]} {[%emt 00:00:24]} Re8 {[%clk 00:00:39]} {[%emt 00:00:33]}
87. Rc5+ {[%clk 00:01:48]} {[%emt 00:00:26]} Kd4 {[%clk 00:00:55]} {[%emt
00:00:12]} 88. Rf5 {[%clk 00:02:15]} {[%emt 00:00:04]} Rb8 {[%clk 00:00:34]}
{[%emt 00:00:50]} 89. h5 {[%clk 00:01:38]} {[%emt 00:01:09]} Rxf8 {[%clk
00:00:32]} {[%emt 00:00:32]} 90. Rxf8 {[%clk 00:02:04]} {[%emt 00:00:04]} Rxh5
{[%clk 00:00:57]} {[%emt 00:00:04]} 91. Rf3 {[%clk 00:02:02]} {[%emt 00:00:32]}
b4 {[%clk 00:00:58]} {[%emt 00:00:29]} 92. Kf2 {[%clk 00:02:28]} {[%emt
00:00:04]} Re5 {[%clk 00:01:21]} {[%emt 00:00:07]} 0-1

[Event "XLIV Memoriał Szachowy Ludwika Zamenhofa 2025, Grupa A"]
[Site "Białystok, Poland"]
[Date "2025.12.28"]
[Round "4.7"]
[White "Kokoszczynski, Jan"]
[Black "Kozak, Antoni"]
[Result "0-1"]
[TimeControl "90'+30\""]
[WhiteElo "2275"]
[BlackElo "2426"]

1. e4 {[%clk 01:30:08]} {[%emt 00:00:51]} e5 {[%clk 01:21:48]} {[%emt
00:09:12]} 2. Nf3 {[%clk 01:29:32]} {[%emt 00:01:05]} Nc6 {[%clk 01:22:08]}
{[%emt 00:00:11]} 3. Bc4 {[%clk 01:29:26]} {[%emt 00:00:36]} Nf6 {[%clk
01:20:15]} {[%emt 00:02:22]} 4. d3 {[%clk 01:29:03]} {[%emt 00:00:54]} h6
{[%clk 01:20:19]} {[%emt 00:00:26]} 5. Nc3 {[%clk 01:25:50]} {[%emt 00:03:43]}
d6 {[%clk 01:18:17]} {[%emt 00:02:32]} 6. a4 {[%clk 01:25:54]} {[%emt
00:00:25]} g6 {[%clk 01:18:08]} {[%emt 00:00:39]} 7. a5 {[%clk 01:23:20]}
{[%emt 00:03:05]} a6 {[%clk 01:18:28]} {[%emt 00:00:10]} 8. Nd5 {[%clk
01:20:49]} {[%emt 00:03:00]} Bg7 {[%clk 01:11:33]} {[%emt 00:07:25]} 9. O-O
{[%clk 01:17:15]} {[%emt 00:04:05]} O-O {[%clk 01:10:55]} {[%emt 00:01:07]} 10.
Re1 {[%clk 01:13:46]} {[%emt 00:03:58]} Kh8 {[%clk 00:56:49]} {[%emt 00:14:37]}
11. c3 {[%clk 01:00:23]} {[%emt 00:13:54]} Nh7 {[%clk 00:51:46]} {[%emt
00:05:32]} 12. h3 {[%clk 00:45:51]} {[%emt 00:15:04]} f5 {[%clk 00:49:14]}
{[%emt 00:03:03]} 13. exf5 {[%clk 00:39:21]} {[%emt 00:07:00]} gxf5 {[%clk
00:46:33]} {[%emt 00:03:11]} 14. d4 {[%clk 00:39:37]} {[%emt 00:00:14]} f4
{[%clk 00:42:08]} {[%emt 00:04:55]} 15. dxe5 {[%clk 00:22:01]} {[%emt
00:18:06]} dxe5 {[%clk 00:42:13]} {[%emt 00:00:25]} 16. b3 {[%clk 00:12:45]}
{[%emt 00:09:46]} Bf5 {[%clk 00:35:49]} {[%emt 00:06:54]} 17. Ba3 {[%clk
00:12:05]} {[%emt 00:01:10]} Re8 {[%clk 00:35:35]} {[%emt 00:00:44]} 18. Kh1
{[%clk 00:05:56]} {[%emt 00:06:39]} Rc8 {[%clk 00:25:29]} {[%emt 00:10:36]} 19.
Bc5 {[%clk 00:05:51]} {[%emt 00:00:35]} Ng5 {[%clk 00:20:29]} {[%emt 00:05:30]}
20. Nh4 {[%clk 00:04:05]} {[%emt 00:02:16]} Bh7 {[%clk 00:19:55]} {[%emt
00:01:04]} 21. Qh5 {[%clk 00:01:20]} {[%emt 00:03:15]} Ne4 {[%clk 00:18:23]}
{[%emt 00:02:03]} 22. b4 {[%clk 00:00:43]} {[%emt 00:01:08]} Qg5 {[%clk
00:10:01]} {[%emt 00:08:51]} 23. Qxg5 {[%clk 00:01:09]} {[%emt 00:00:05]} hxg5
{[%emt 00:02:11]} 24. Nf3 {[%clk 00:01:37]} Nxc5 {[%clk 00:04:14]} {[%emt
00:04:39]} 25. bxc5 {[%clk 00:01:58]} {[%emt 00:00:08]} Bg8 {[%clk 00:04:15]}
{[%emt 00:00:29]} 26. Nxg5 {[%clk 00:00:41]} {[%emt 00:01:47]} Rcd8 {[%clk
00:04:39]} {[%emt 00:00:06]} 27. Red1 {[%clk 00:00:34]} {[%emt 00:00:38]} e4
{[%clk 00:04:54]} {[%emt 00:00:15]} 28. Ba2 {[%clk 00:00:33]} {[%emt 00:00:30]}
Re5 {[%clk 00:04:00]} {[%emt 00:01:23]} 29. h4 {[%clk 00:00:32]} {[%emt
00:00:32]} Rdxd5 {[%clk 00:02:01]} {[%emt 00:02:29]} 30. Bxd5 {[%clk 00:00:56]}
{[%emt 00:00:06]} Bxd5 {[%clk 00:01:45]} {[%emt 00:00:46]} 31. Ra4 {[%clk
00:00:46]} {[%emt 00:00:40]} Bb3 {[%clk 00:01:34]} {[%emt 00:00:40]} 32. Raa1
{[%clk 00:00:45]} {[%emt 00:00:32]} Bxd1 {[%clk 00:01:15]} {[%emt 00:00:49]} 33.
Nf7+ {[%clk 00:01:13]} {[%emt 00:00:02]} Kg8 {[%clk 00:01:41]} {[%emt
00:00:04]} 34. Nxe5 {[%clk 00:01:40]} {[%emt 00:00:03]} Bxe5 {[%clk 00:02:08]}
{[%emt 00:00:03]} 35. Rxd1 {[%clk 00:02:07]} {[%emt 00:00:03]} Bxc3 {[%clk
00:02:24]} {[%emt 00:00:14]} 0-1

[Event "XLIV Memoriał Szachowy Ludwika Zamenhofa 2025, Grupa A"]
[Site "Białystok, Poland"]
[Date "2025.12.28"]
[Round "4.8"]
[White "Turski, Bartlomiej"]
[Black "Butkiewicz, Jan"]
[Result "1-0"]
[TimeControl "90'+30\""]
[WhiteElo "2411"]
[BlackElo "2199"]

1. e4 {[%clk 01:30:59]} {[%emt 00:00:01]} e6 {[%clk 01:30:47]} {[%emt
00:00:13]} 2. d4 {[%clk 01:31:25]} {[%emt 00:00:04]} d5 {[%clk 01:31:03]}
{[%emt 00:00:15]} 3. Nc3 {[%clk 01:31:12]} {[%emt 00:00:42]} Bb4 {[%clk
01:31:13]} {[%emt 00:00:20]} 4. e5 {[%clk 01:31:35]} {[%emt 00:00:07]} c5
{[%clk 01:31:34]} {[%emt 00:00:08]} 5. a3 {[%clk 01:31:47]} {[%emt 00:00:19]}
Bxc3+ {[%clk 01:31:47]} {[%emt 00:00:17]} 6. bxc3 {[%clk 01:32:15]} {[%emt
00:00:02]} Nc6 {[%clk 01:32:07]} {[%emt 00:00:10]} 7. a4 {[%clk 01:31:49]}
{[%emt 00:00:56]} Qa5 {[%clk 01:30:08]} {[%emt 00:02:28]} 8. Bd2 {[%clk
01:30:10]} {[%emt 00:02:08]} Bd7 {[%clk 01:30:13]} {[%emt 00:00:28]} 9. Bb5
{[%clk 01:29:07]} {[%emt 00:01:32]} Nge7 {[%clk 01:13:56]} {[%emt 00:16:47]} 10.
Nf3 {[%clk 01:27:28]} {[%emt 00:02:09]} c4 {[%clk 01:05:39]} {[%emt 00:08:47]}
11. Ng5 {[%clk 01:26:28]} {[%emt 00:01:31]} h6 {[%clk 01:01:25]} {[%emt
00:04:44]} 12. Qh5 {[%clk 01:25:52]} {[%emt 00:01:05]} Rf8 {[%clk 01:00:11]}
{[%emt 00:01:44]} 13. Nf3 {[%clk 01:18:06]} {[%emt 00:08:17]} O-O-O {[%clk
00:58:23]} {[%emt 00:02:15]} 14. O-O {[%clk 01:17:52]} {[%emt 00:00:45]} a6
{[%clk 00:54:25]} {[%emt 00:04:30]} 15. Rfb1 {[%clk 01:16:52]} {[%emt
00:01:29]} Nf5 {[%clk 00:49:45]} {[%emt 00:05:10]} 16. Bxc6 {[%clk 01:12:36]}
{[%emt 00:04:47]} Bxc6 {[%clk 00:49:59]} {[%emt 00:00:16]} 17. Rb4 {[%clk
01:12:06]} {[%emt 00:01:00]} Rd7 {[%clk 00:44:55]} {[%emt 00:05:32]} 18. Nh4
{[%clk 01:09:46]} {[%emt 00:02:51]} Nxh4 {[%clk 00:41:28]} {[%emt 00:03:57]} 19.
Qxh4 {[%clk 01:10:14]} {[%emt 00:00:02]} Qd8 {[%clk 00:40:56]} {[%emt
00:01:01]} 20. Qg4 {[%clk 01:09:17]} {[%emt 00:01:29]} g5 {[%clk 00:33:24]}
{[%emt 00:08:03]} 21. Qh5 {[%clk 01:05:33]} {[%emt 00:04:14]} Rh8 {[%clk
00:29:46]} {[%emt 00:04:07]} 22. a5 {[%clk 01:03:53]} {[%emt 00:02:11]} Qg8
{[%clk 00:25:59]} {[%emt 00:04:17]} 23. f4 {[%clk 01:01:57]} {[%emt 00:02:26]}
gxf4 {[%clk 00:18:42]} {[%emt 00:07:47]} 24. Bxf4 {[%clk 01:00:04]} {[%emt
00:02:22]} Qg6 {[%clk 00:18:25]} {[%emt 00:00:48]} 25. Qe2 {[%clk 01:00:20]}
{[%emt 00:00:13]} Rdd8 {[%clk 00:18:03]} {[%emt 00:00:52]} 26. Rf1 {[%clk
00:59:43]} {[%emt 00:01:08]} Rdg8 {[%clk 00:15:57]} {[%emt 00:02:36]} 27. Rbb1
{[%clk 00:58:46]} {[%emt 00:01:27]} Qe4 {[%clk 00:14:36]} {[%emt 00:01:50]} 28.
Qd2 {[%clk 00:55:36]} {[%emt 00:03:41]} Ba4 {[%clk 00:12:48]} {[%emt 00:02:17]}
29. Rf2 {[%clk 00:55:32]} {[%emt 00:00:35]} Qg6 {[%clk 00:11:25]} {[%emt
00:01:52]} 30. Ra1 {[%clk 00:53:29]} {[%emt 00:02:34]} Be8 {[%clk 00:11:30]}
{[%emt 00:00:22]} 31. Be3 {[%clk 00:51:35]} {[%emt 00:02:26]} h5 {[%clk
00:09:54]} {[%emt 00:02:07]} 32. h4 {[%clk 00:51:25]} {[%emt 00:00:41]} Qh7
{[%clk 00:02:50]} {[%emt 00:07:33]} 33. Bg5 {[%clk 00:51:16]} {[%emt 00:00:38]}
Rg6 {[%clk 00:02:51]} {[%emt 00:00:29]} 34. Qc1 {[%clk 00:50:37]} {[%emt
00:01:10]} Qg8 {[%clk 00:01:01]} {[%emt 00:02:21]} 35. Qa3 {[%clk 00:50:24]}
{[%emt 00:00:43]} Bc6 {[%clk 00:00:42]} {[%emt 00:00:49]} 36. Raf1 {[%clk
00:50:06]} {[%emt 00:00:48]} Rh7 {[%clk 00:00:53]} {[%emt 00:00:19]} 37. Qd6
{[%clk 00:50:02]} {[%emt 00:00:33]} Qe8 {[%clk 00:00:54]} {[%emt 00:00:30]} 38.
Rxf7 {[%clk 00:50:06]} {[%emt 00:00:26]} 1-0

[Event "XLIV Memoriał Szachowy Ludwika Zamenhofa 2025, Grupa A"]
[Site "Białystok, Poland"]
[Date "2025.12.28"]
[Round "4.9"]
[White "Niedbala, Bartlomiej"]
[Black "Krol, Jan"]
[Result "1-0"]
[TimeControl "90'+30\""]
[WhiteElo "2380"]
[BlackElo "2202"]

1. Nf3 {[%clk 01:29:48]} {[%emt 00:01:14]} d5 {[%clk 01:30:44]} {[%emt
00:00:13]} 2. e3 {[%clk 01:29:57]} {[%emt 00:00:15]} Nf6 {[%clk 01:30:51]}
{[%emt 00:00:29]} 3. c4 {[%clk 01:30:22]} {[%emt 00:00:05]} e6 {[%clk
01:30:46]} {[%emt 00:00:36]} 4. Nc3 {[%clk 01:30:50]} {[%emt 00:00:02]} Be7
{[%clk 01:28:25]} {[%emt 00:02:50]} 5. b3 {[%clk 01:31:05]} {[%emt 00:00:15]}
b6 {[%clk 01:24:15]} {[%emt 00:04:40]} 6. cxd5 {[%clk 01:31:16]} {[%emt
00:00:18]} exd5 {[%clk 01:24:37]} {[%emt 00:00:09]} 7. Bb2 {[%clk 01:31:27]}
{[%emt 00:00:19]} Bb7 {[%clk 01:23:59]} {[%emt 00:01:08]} 8. d4 {[%clk
01:29:06]} {[%emt 00:02:51]} Nbd7 {[%clk 01:17:04]} {[%emt 00:07:25]} 9. Bd3
{[%clk 01:27:32]} {[%emt 00:02:04]} a6 {[%clk 01:13:03]} {[%emt 00:04:31]} 10.
Ne5 {[%clk 01:20:30]} {[%emt 00:07:32]} O-O {[%clk 00:40:48]} {[%emt 00:32:46]}
11. O-O {[%clk 01:19:21]} {[%emt 00:01:38]} Ne4 {[%clk 00:35:12]} {[%emt
00:06:06]} 12. Ne2 {[%clk 01:11:08]} {[%emt 00:08:43]} f6 {[%clk 00:28:34]}
{[%emt 00:07:10]} 13. Nxd7 {[%clk 01:06:45]} {[%emt 00:04:53]} Qxd7 {[%clk
00:28:59]} {[%emt 00:00:05]} 14. Qc2 {[%clk 01:04:33]} {[%emt 00:02:42]} f5
{[%clk 00:28:31]} {[%emt 00:01:01]} 15. Nf4 {[%clk 00:59:25]} {[%emt 00:05:35]}
Bd6 {[%clk 00:22:21]} {[%emt 00:06:41]} 16. f3 {[%clk 00:56:55]} {[%emt
00:02:59]} Bxf4 {[%clk 00:22:46]} {[%emt 00:00:05]} 17. exf4 {[%clk 00:57:14]}
{[%emt 00:00:10]} Nd6 {[%clk 00:23:13]} {[%emt 00:00:04]} 18. Rfe1 {[%clk
00:52:13]} {[%emt 00:05:30]} g6 {[%clk 00:22:19]} {[%emt 00:01:25]} 19. Rac1
{[%clk 00:50:11]} {[%emt 00:02:32]} Rac8 {[%clk 00:21:38]} {[%emt 00:01:11]} 20.
Ba3 {[%clk 00:48:45]} {[%emt 00:01:56]} Rfe8 {[%clk 00:21:19]} {[%emt
00:00:49]} 21. Re5 {[%clk 00:45:39]} {[%emt 00:03:36]} Nf7 {[%clk 00:20:26]}
{[%emt 00:01:23]} 22. Rxe8+ {[%clk 00:45:17]} {[%emt 00:00:52]} Qxe8 {[%clk
00:20:52]} {[%emt 00:00:04]} 23. Kf2 {[%clk 00:37:59]} {[%emt 00:07:48]} Qd8
{[%clk 00:19:43]} {[%emt 00:01:39]} 24. g3 {[%clk 00:36:07]} {[%emt 00:02:21]}
Qf6 {[%clk 00:20:04]} {[%emt 00:00:10]} 25. Re1 {[%clk 00:30:17]} {[%emt
00:06:20]} Nd6 {[%clk 00:02:54]} {[%emt 00:17:41]} 26. Bb2 {[%clk 00:28:26]}
{[%emt 00:02:21]} a5 {[%clk 00:02:45]} {[%emt 00:00:38]} 27. a4 {[%clk
00:28:06]} {[%emt 00:00:50]} Qf7 {[%clk 00:02:16]} {[%emt 00:00:59]} 28. Re5
{[%clk 00:26:31]} {[%emt 00:02:04]} Re8 {[%clk 00:01:49]} {[%emt 00:00:58]} 29.
Qe2 {[%clk 00:25:28]} {[%emt 00:01:34]} Bc6 {[%clk 00:01:41]} {[%emt 00:00:37]}
30. Ba3 {[%clk 00:24:47]} {[%emt 00:01:10]} Qd7 {[%clk 00:01:06]} {[%emt
00:01:05]} 31. h3 {[%clk 00:17:42]} {[%emt 00:07:34]} Nf7 {[%clk 00:00:54]}
{[%emt 00:00:42]} 32. Rxe8+ {[%clk 00:14:05]} {[%emt 00:04:08]} Qxe8 {[%clk
00:01:23]} {[%emt 00:00:01]} 33. Qxe8+ {[%clk 00:14:15]} {[%emt 00:00:20]} Bxe8
{[%clk 00:01:52]} {[%emt 00:00:01]} 34. Be7 {[%clk 00:14:44]} Bd7 {[%clk
00:00:50]} {[%emt 00:01:32]} 35. Ba6 {[%clk 00:14:00]} {[%emt 00:01:14]} c6
{[%clk 00:00:32]} {[%emt 00:00:49]} 36. g4 {[%clk 00:11:02]} {[%emt 00:03:27]}
fxg4 {[%clk 00:00:43]} {[%emt 00:00:19]} 37. fxg4 {[%clk 00:10:32]} {[%emt
00:01:00]} h5 {[%clk 00:00:43]} {[%emt 00:00:30]} 38. Kg3 {[%clk 00:10:11]}
{[%emt 00:00:51]} hxg4 {[%clk 00:00:46]} {[%emt 00:00:27]} 39. hxg4 {[%clk
00:10:40]} {[%emt 00:00:02]} Nh6 {[%clk 00:00:43]} {[%emt 00:00:33]} 40. Be2
{[%clk 00:11:08]} {[%emt 00:00:01]} b5 {[%clk 00:00:40]} {[%emt 00:00:34]} 41.
Bd8 {[%clk 00:06:02]} {[%emt 00:05:36]} bxa4 {[%clk 00:01:05]} {[%emt
00:00:05]} 42. bxa4 {[%clk 00:06:30]} {[%emt 00:00:01]} c5 {[%clk 00:01:35]} 43.
dxc5 {[%clk 00:04:39]} {[%emt 00:02:22]} Bxa4 {[%clk 00:02:00]} {[%emt
00:00:05]} 44. Bxa5 {[%clk 00:05:07]} {[%emt 00:00:01]} Bc6 {[%clk 00:01:49]}
{[%emt 00:00:41]} 45. Bd8 {[%clk 00:04:32]} {[%emt 00:01:04]} Kf7 {[%clk
00:02:00]} {[%emt 00:00:19]} 46. Bg5 {[%clk 00:03:14]} {[%emt 00:01:49]} Ng8
{[%clk 00:02:23]} {[%emt 00:00:07]} 47. Bd3 {[%clk 00:02:04]} {[%emt 00:01:39]}
Nf6 {[%clk 00:02:20]} {[%emt 00:00:35]} 48. Bxf6 {[%clk 00:02:16]} {[%emt
00:00:18]} Kxf6 {[%clk 00:02:49]} {[%emt 00:00:01]} 49. g5+ {[%clk 00:02:45]}
Kf7 {[%clk 00:02:42]} {[%emt 00:00:36]} 50. Kf3 {[%clk 00:03:07]} {[%emt
00:00:08]} d4+ {[%clk 00:02:32]} {[%emt 00:00:40]} 51. Be4 {[%clk 00:03:22]}
{[%emt 00:00:15]} Bb5 {[%clk 00:02:58]} {[%emt 00:00:05]} 52. Bd5+ {[%clk
00:03:24]} {[%emt 00:00:28]} Ke7 {[%clk 00:03:24]} {[%emt 00:00:03]} 53. Ke4
{[%clk 00:03:34]} {[%emt 00:00:18]} d3 {[%clk 00:03:49]} {[%emt 00:00:08]} 54.
Bb3 {[%clk 01:30:30]} {[%emt 00:00:50]} 1-0